Normal view
MARC view
- Lesikar R V & Flatley M E
Entry Personal Name
001 - CONTROL NUMBER
- control field: 108028
003 - CONTROL NUMBER IDENTIFIER
- control field: OSt
005 - DATE AND TIME OF LATEST TRANSACTION
- control field: 20230125043227.0
008 - FIXED-LENGTH DATA ELEMENTS
- fixed length control field: 230125|| aca||aabn | a|a d
040 ## - CATALOGING SOURCE
- Original cataloging agency: OSt
- Transcribing agency: OSt
100 ## - HEADING--PERSONAL NAME
- Personal name: Lesikar R V & Flatley M E
670 ## - SOURCE DATA FOUND
- Source citation: Work cat.: (OSt)84848: Lesikar R V 108027, Business Communication, 2013